[Event "XIII Open"]
[Site "Crema ITA"]
[Date "2011.09.02"]
[Round "1"]
[White "Volpati, Antonio"]
[Black "Guzzetti, Luigi Enrico"]
[Result "0-1"]
[WhiteElo "1670"]
[BlackElo "1955"]
[PlyCount "80"]
[EventDate "2011.09.02"]

1. e4 c5 2. Nf3 e6 3. c3 Nc6 4. Be2 d5 5. exd5 exd5 6. d4 Nf6 7. O-O cxd4 8.
Nxd4 Be7 9. Re1 O-O 10. Nd2 Nxd4 11. cxd4 Bf5 12. Nf1 Ne4 13. f3 Nd6 14. Ne3
Be6 15. Qd2 Nc4 16. Nxc4 dxc4 17. Qc3 b5 18. b4 a5 19. a3 axb4 20. axb4 Rxa1
21. Qxa1 Qd5 22. Bf1 Bd6 23. Re2 Qh5 24. h3 Qg5 25. g4 Bd5 26. Bd2 Qh4 27. Be1
Qf6 28. Qc3 Qxf3 29. Qxf3 Bxf3 30. Re3 Bd5 31. Bg2 Bxg2 32. Kxg2 Rc8 33. Bc3
Kf8 34. Kf3 Ra8 35. Ke4 Ra4 36. Kd5 Bxb4 37. Bxb4+ Rxb4 38. Kc5 Rb3 39. Re4 c3
40. Re3 c2 0-1

[Event "XIII Open"]
[Site "Crema ITA"]
[Date "2011.09.02"]
[Round "1"]
[White "Vuckovic, Dimitrije"]
[Black "Villa, Giorgio"]
[Result "0-1"]
[WhiteElo "1580"]
[BlackElo "1901"]
[PlyCount "42"]
[EventDate "2011.09.02"]

1. Nf3 d5 2. c4 c6 3. d4 Nf6 4. Nc3 e6 5. e3 Nbd7 6. Bd3 dxc4 7. Bxc4 b5 8. Bd3
a6 9. O-O c5 10. b3 Bb7 11. Re1 cxd4 12. Nxd4 Bb4 13. Bd2 Ne5 14. Be2 Rc8 15.
Nb1 Bc5 16. Bc3 Ne4 17. Nxe6 Qh4 18. Nxg7+ Kf8 19. Bxe5 Qxf2+ 20. Kh1 Ng3+ 21.
hxg3 Qxg2# 0-1

[Event "XIII Open"]
[Site "Crema ITA"]
[Date "2011.09.02"]
[Round "2"]
[White "Adami, Alessandro"]
[Black "Tagliaferri, Valerio"]
[Result "1/2-1/2"]
[WhiteElo "1712"]
[BlackElo "1850"]
[PlyCount "79"]
[EventDate "2011.09.02"]

1. e4 e6 2. d4 d5 3. exd5 exd5 4. Bd3 Bd6 5. Qf3 c6 6. Ne2 Qf6 7. Qxf6 Nxf6 8.
h3 O-O 9. O-O Nbd7 10. Bf4 Ne4 11. Bxe4 Bxf4 12. Bxd5 Bh6 13. Bf3 Nb6 14. Na3
Bf5 15. Ng3 Be6 16. b3 Rfd8 17. Rad1 a5 18. c4 a4 19. Nb1 g6 20. Ne2 Rd7 21.
Bg4 f5 22. Bf3 Rad8 23. Rd3 Bg7 24. Rfd1 Kf8 25. Nbc3 axb3 26. axb3 Ke7 27. d5
Bf7 28. g4 cxd5 29. Nxd5+ Nxd5 30. cxd5 fxg4 31. hxg4 Be5 32. Re3 Kf6 33. g5+
Kf5 34. Bg2 Rxd5 35. Bxd5 Rxd5 36. Rxd5 Bxd5 37. Ng3+ Kf4 38. Ne2+ Kf5 39. Ng3+
Kf4 40. Ne2+ 1/2-1/2

[Event "XIII Open"]
[Site "Crema ITA"]
[Date "2011.09.02"]
[Round "2"]
[White "Agnelli, Francesco"]
[Black "Villa, Giorgio"]
[Result "1-0"]
[WhiteElo "2046"]
[BlackElo "1901"]
[PlyCount "96"]
[EventDate "2011.09.02"]

1. e4 d5 2. exd5 Qxd5 3. Nc3 Qd6 4. Nf3 Nf6 5. Bc4 Be6 6. Qe2 Bxc4 7. Qxc4 c6
8. O-O e6 9. d4 Nbd7 10. Re1 Qb4 11. Qe2 Bd6 12. a3 Qb6 13. b4 O-O 14. Bg5 a5
15. b5 Nd5 16. Ne4 cxb5 17. Rab1 Rfc8 18. Rxb5 Qa6 19. c4 N7f6 20. Bxf6 Nxf6
21. Nxf6+ gxf6 22. c5 Bf8 23. Reb1 e5 24. Nh4 exd4 25. Qh5 Re8 26. g3 Re5 27.
Qg4+ Kh8 28. Qxd4 Rae8 29. Nf3 Re4 30. Qd5 Qc6 31. Qxf7 Bxc5 32. Rxb7 R4e7 33.
Rxe7 Bxe7 34. Nd4 Qc8 35. Ne6 Bf8 36. Rb7 Qc1+ 37. Kg2 Qc6+ 38. f3 Qc2+ 39. Kh3
Qf5+ 40. Kh4 Qg6 41. Nxf8 Qh6+ 42. Qh5 Qxh5+ 43. Kxh5 Rxf8 44. Kh6 Rc8 45.
Rxh7+ Kg8 46. Ra7 Rc5 47. Kg6 Rg5+ 48. Kxf6 Rd5 1-0

[Event "XIII Open"]
[Site "Crema ITA"]
[Date "2011.09.02"]
[Round "2"]
[White "Agostinelli, Andrea"]
[Black "Castrogiovanni, Carlo"]
[Result "0-1"]
[WhiteElo "1688"]
[BlackElo "2004"]
[PlyCount "69"]
[EventDate "2011.09.02"]

1. e4 c5 2. Nf3 a6 3. c4 Nc6 4. Nc3 e5 5. Bd3 d6 6. h3 Nf6 7. Bb1 Be7 8. d3 Nd4
9. Nxd4 cxd4 10. Ne2 b5 11. b3 bxc4 12. bxc4 Nd7 13. f4 Nc5 14. O-O Bd7 15. Bc2
O-O 16. f5 Bg5 17. Bxg5 Qxg5 18. Rf3 f6 19. Nc1 Be8 20. Rb1 Bh5 21. g4 Rfb8 22.
Nb3 Be8 23. Rf1 Qe3+ 24. Kg2 Na4 25. Re1 Qh6 26. Qd2 Qxd2+ 27. Nxd2 Nc3 28.
Rxb8 Rxb8 29. Bb3 Kf8 30. Kf3 a5 31. Nb1 a4 32. Nxc3 dxc3 33. Bd1 Rb1 34. Ke2
Rb2+ 35. Ke3 0-1

[Event "XIII Open"]
[Site "Crema ITA"]
[Date "2011.09.02"]
[Round "2"]
[White "Borboni, Paolo"]
[Black "De Palma, Fabrizio"]
[Result "0-1"]
[WhiteElo "1726"]
[BlackElo "2071"]
[PlyCount "74"]
[EventDate "2011.09.02"]

1. d4 Nf6 2. c4 Nc6 3. Nc3 e5 4. d5 Ne7 5. e4 Ng6 6. Bd3 Bc5 7. f3 Nh5 8. Nge2
O-O 9. Ng3 Qh4 10. Nce2 Ngf4 11. Kd2 Nxg2 12. Kc2 d6 13. Nxh5 Qxh5 14. Ng3 Qh4
15. Qe2 Nf4 16. Bxf4 Qxf4 17. Qg2 Kh8 18. h4 c6 19. Nh5 Qh6 20. Qg5 Be3 21.
Qxh6 Bxh6 22. Rag1 f5 23. Rg2 fxe4 24. Bxe4 Bf5 25. Ng3 Bd7 26. Kd3 cxd5 27.
Bxd5 Bc6 28. Bxc6 bxc6 29. Ke2 d5 30. cxd5 cxd5 31. Rd1 Rad8 32. Rd3 g6 33. Ra3
Rf7 34. Ra6 Rc8 35. Rf2 e4 36. f4 Bxf4 37. Rg2 Rc2+ 0-1

[Event "XIII Open"]
[Site "Crema ITA"]
[Date "2011.09.02"]
[Round "2"]
[White "Brociner, Beniamino"]
[Black "Gonella, Daniele"]
[Result "1-0"]
[WhiteElo "1917"]
[BlackElo "2103"]
[PlyCount "89"]
[EventDate "2011.09.02"]

1. e4 d6 2. d4 Nf6 3. Bd3 e5 4. c3 Nc6 5. Ne2 g6 6. O-O Bg7 7. f4 Bg4 8. Be3
exf4 9. Bxf4 O-O 10. h3 Bxe2 11. Qxe2 Qe7 12. Nd2 Rae8 13. Rae1 Nd8 14. Qf2 Ne6
15. Bh2 Nd7 16. Nc4 Rb8 17. Ne3 a5 18. Nf5 Qf6 19. Nxg7 Qxg7 20. Bb5 Rbd8 21.
Qd2 Nb6 22. Bg3 h6 23. Bf2 c6 24. d5 Nc5 25. dxc6 bxc6 26. Bxc6 Nc4 27. Qc2 Rb8
28. Bd4 Ne5 29. Bd5 g5 30. Rf5 Ncd3 31. Rb1 Qg6 32. Bb3 g4 33. h4 g3 34. Qe2
Rb7 35. Bd5 Rbb8 36. b3 Kh7 37. Rd1 f6 38. Rxd3 Nxd3 39. Qxd3 Rbc8 40. Rf3 Qg4
41. Rxg3 Qxh4 42. e5+ f5 43. exd6 h5 44. Bg8+ Kh6 45. Bg7# 1-0

[Event "XIII Open"]
[Site "Crema ITA"]
[Date "2011.09.02"]
[Round "2"]
[White "Carbone, Lorenzo"]
[Black "Vuckovic, Dimitrije"]
[Result "1/2-1/2"]
[WhiteElo "1759"]
[BlackElo "1580"]
[PlyCount "76"]
[EventDate "2011.09.02"]

1. e4 c5 2. Nf3 d6 3. d4 cxd4 4. Nxd4 Nf6 5. Nc3 g6 6. Be3 Bg7 7. f3 O-O 8. Qd2
Nc6 9. Bc4 Bd7 10. O-O-O Rc8 11. Bb3 Ne5 12. Qe2 a6 13. h3 b5 14. a3 Rxc3 15.
bxc3 Qa5 16. Kb2 Rc8 17. Qd2 Nc4+ 18. Bxc4 Rxc4 19. Ra1 Nh5 20. Qd3 Ng3 21.
Rhe1 f5 22. Bd2 fxe4 23. fxe4 Nh5 24. g4 Nf6 25. g5 Ne8 26. Rf1 Nc7 27. Rf2 Ne6
28. Nb3 Qc7 29. Raf1 Nd8 30. Qf3 Be8 31. Be1 b4 32. axb4 Rxb4 33. Qf8+ Bxf8 34.
Rxf8+ Kg7 35. Rxe8 Rxe4 36. Bd2 Re2 37. Rff8 Nc6 38. c4 e5 1/2-1/2

[Event "XIII Open"]
[Site "Crema ITA"]
[Date "2011.09.02"]
[Round "2"]
[White "Cervini, Ernesto"]
[Black "Guasconi, Lelio"]
[Result "1-0"]
[WhiteElo "1776"]
[BlackElo "1614"]
[PlyCount "118"]
[EventDate "2011.09.02"]

1. e4 c6 2. d4 d5 3. Nd2 dxe4 4. Nxe4 Bf5 5. Ng3 Bg6 6. Nf3 h6 7. c3 Nd7 8. Bd3
Bxd3 9. Qxd3 e6 10. Ne4 Ngf6 11. h3 Be7 12. Bf4 Nxe4 13. Qxe4 Nf6 14. Qc2 Nd5
15. Bg3 Nf6 16. a3 c5 17. dxc5 Bxc5 18. Rd1 Qb6 19. Qa4+ Qc6 20. Qc2 Qe4+ 21.
Qxe4 Nxe4 22. Nd2 Nxg3 23. fxg3 O-O 24. Ne4 Bb6 25. Ke2 Rad8 26. c4 Rd4 27.
Rxd4 Bxd4 28. b3 e5 29. g4 f6 30. a4 Rd8 31. Rd1 Kf7 32. Kf3 a5 33. Rd3 b6 34.
c5 bxc5 35. Nxc5 Re8 36. Ne4 g6 37. Nd6+ Ke7 38. Nxe8 Kxe8 39. Ke4 h5 40. Rd2
Kd7 41. Rc2 hxg4 42. hxg4 Kd6 43. Rc4 Bc5 44. Rc1 Bd4 45. Rc8 Ke7 46. Kd5 f5
47. gxf5 gxf5 48. Rc4 Bb2 49. Rc7+ Kf6 50. Rc5 e4 51. Rxa5 e3 52. Ra6+ Kg5 53.
Re6 Kf4 54. a5 Kg3 55. a6 Kf2 56. a7 e2 57. Rxe2+ Kxe2 58. a8=Q Bc1 59. Qa2+
Bd2 1-0

[Event "XIII Open"]
[Site "Crema ITA"]
[Date "2011.09.02"]
[Round "2"]
[White "Ciochetta, Giovanni"]
[Black "Oteri, Aldo"]
[Result "0-1"]
[WhiteElo "1624"]
[BlackElo "1797"]
[PlyCount "42"]
[EventDate "2011.09.02"]

1. e4 e6 2. d4 d5 3. exd5 exd5 4. Nc3 Bb4 5. a3 Bxc3+ 6. bxc3 Be6 7. Nf3 Nf6 8.
Bg5 Nbd7 9. Bd3 h6 10. Bh4 c5 11. O-O Qa5 12. Qd2 c4 13. Be2 Ne4 14. Qe3 Qxc3
15. Ne5 Nxe5 16. dxe5 g5 17. Bg3 h5 18. Qc1 h4 19. f3 hxg3 20. fxe4 Qd4+ 21.
Kh1 Rxh2# 0-1

[Event "XIII Open"]
[Site "Crema ITA"]
[Date "2011.09.02"]
[Round "2"]
[White "Cocconcelli, Lorenzo"]
[Black "Mussap, Angelo"]
[Result "0-1"]
[WhiteElo "1859"]
[BlackElo "2036"]
[PlyCount "68"]
[EventDate "2011.09.02"]

1. d4 e6 2. c4 Nf6 3. Nf3 Bb4+ 4. Bd2 Be7 5. Nc3 d5 6. e3 O-O 7. Bd3 c5 8. cxd5
cxd4 9. exd4 exd5 10. h3 Nc6 11. O-O h6 12. Qc1 Re8 13. Bf4 Be6 14. Qd2 Bb4 15.
Rfe1 Qd7 16. Ne5 Nxe5 17. Bxe5 Nh7 18. Qc2 Ng5 19. Bb5 Qe7 20. Bxe8 Rxe8 21.
Bg3 Qd7 22. f3 Rc8 23. h4 Nh7 24. Qb3 Rc4 25. Red1 Nf6 26. Ne2 Ba5 27. Nf4 Bf5
28. Nd3 Qc8 29. Be1 Bb6 30. Bc3 Qc7 31. Nc5 Qf4 32. Rac1 Qe3+ 33. Kh1 Qf4 34.
Kg1 Bc7 0-1

[Event "XIII Open"]
[Site "Crema ITA"]
[Date "2011.09.02"]
[Round "2"]
[White "Coppola, Federico"]
[Black "Madaschi, Sergio"]
[Result "0-1"]
[WhiteElo "1802"]
[BlackElo "1636"]
[PlyCount "48"]
[EventDate "2011.09.02"]

1. e4 e6 2. d4 d5 3. e5 c5 4. c3 Nc6 5. Nf3 Qb6 6. Bd3 cxd4 7. cxd4 Nh6 8. Nc3
Bd7 9. Be3 g6 10. Qd2 Nf5 11. O-O Nxe3 12. fxe3 Be7 13. Qf2 O-O 14. e4 Nxd4 15.
Nxd4 Bc5 16. Nce2 dxe4 17. Bc4 Rad8 18. Rfd1 Bc8 19. a3 Qxb2 20. Qe3 b5 21. Ra2
Rxd4 22. Rxb2 Rxd1+ 23. Kf2 Bxe3+ 24. Kxe3 bxc4 0-1

[Event "XIII Open"]
[Site "Crema ITA"]
[Date "2011.09.02"]
[Round "2"]
[White "Curtacci, Sergio"]
[Black "De Paoli, Emilio"]
[Result "0-1"]
[WhiteElo "2034"]
[BlackElo "1873"]
[PlyCount "93"]
[EventDate "2011.09.02"]

1. d4 Nf6 2. Nf3 g6 3. Nbd2 c5 4. c3 b6 5. e4 Bg7 6. Bc4 Ba6 7. e5 Nh5 8. Bxa6
Nxa6 9. Ne4 d5 10. exd6 O-O 11. dxc5 Nxc5 12. Nxc5 bxc5 13. dxe7 Qxe7+ 14. Qe2
Rfe8 15. Qxe7 Rxe7+ 16. Kf1 a5 17. Be3 Rb7 18. b3 Bxc3 19. Rc1 Bb4 20. a4 Ba3
21. Rc3 Rab8 22. g4 Nf6 23. Bg5 Ne4 24. Rd3 Rxb3 25. Rxb3 Rxb3 26. Be3 c4 27.
Kg2 c3 28. Rd1 Rb8 29. Rd4 f5 30. gxf5 gxf5 31. Rc4 Rb4 32. Rc8+ Kf7 33. Nd4 f4
34. Rc7+ Ke8 35. Rxh7 fxe3 36. fxe3 Rb2+ 37. Kf1 c2 38. Nxc2 Rxc2 39. Rh5 Rc5
40. Rh4 Nc3 41. Rg4 Bb4 42. h4 Nxa4 43. Kg2 Nc3 44. Kg3 Re5 45. Kf3 Rf5+ 46.
Kg2 Kf7 47. Rc4 0-1

[Event "XIII Open"]
[Site "Crema ITA"]
[Date "2011.09.02"]
[Round "2"]
[White "Dallaglio, Giovanni"]
[Black "Ljubisavljevic, Zivojin Z."]
[Result "0-1"]
[WhiteElo "1969"]
[BlackElo "2221"]
[PlyCount "94"]
[EventDate "2011.09.02"]

1. d4 Nf6 2. Nf3 e6 3. c4 c5 4. e3 cxd4 5. exd4 d5 6. Nc3 dxc4 7. Bxc4 Nc6 8.
O-O a6 9. Re1 Be7 10. a3 O-O 11. Bg5 b5 12. Ba2 b4 13. axb4 Nxb4 14. Bc4 Bb7
15. Ne5 Kh8 16. Qd2 a5 17. Re3 Qc7 18. Rh3 Rad8 19. Qf4 Kg8 20. Qh4 Rfe8 21.
Bb5 Bc6 22. Bxc6 Nxc6 23. Nxc6 Qxc6 24. Rxa5 Qb6 25. Rb5 Qxd4 26. Qxd4 Rxd4 27.
Bxf6 Bxf6 28. Re3 Rd2 29. Kf1 h6 30. Re2 Rd7 31. g3 Rc8 32. Ne4 Be7 33. Rd2
Rdc7 34. b3 Ra8 35. Ke2 f5 36. Nd6 Bg5 37. f4 Bf6 38. Nc4 g5 39. Rb6 Kf7 40.
Rbd6 Kg6 41. Rb6 Kf7 42. Nd6+ Kg6 43. Nb5 Re7 44. Rdd6 Ra2+ 45. Rd2 Ra1 46. Kf2
Rb1 47. Nd4 Rb2 0-1

[Event "XIII Open"]
[Site "Crema ITA"]
[Date "2011.09.02"]
[Round "2"]
[White "Epitome, Nando"]
[Black "Distratis, Gianluca"]
[Result "0-1"]
[WhiteElo "1622"]
[BlackElo "1948"]
[PlyCount "70"]
[EventDate "2011.09.02"]

1. d4 Nf6 2. c4 c5 3. d5 b5 4. b3 g6 5. Bb2 Bg7 6. Nd2 O-O 7. Qc2 bxc4 8. bxc4
d6 9. e4 Nbd7 10. Ngf3 Qc7 11. Bd3 Rb8 12. Rb1 Bb7 13. O-O e6 14. Rfe1 Nb6 15.
e5 Nh5 16. exd6 Qxd6 17. Bxg7 Nxg7 18. Ne4 Qf4 19. Nxc5 exd5 20. Nxb7 Rxb7 21.
c5 Rc7 22. Bb5 Ne6 23. c6 Nc4 24. Qa4 Nc5 25. Qc2 Ne4 26. Qd3 Ncd6 27. Rbc1
Nxb5 28. Qxb5 Rd8 29. Qd3 Rd6 30. g3 Qf5 31. Red1 Rdxc6 32. Rxc6 Rxc6 33. Qe2
Rf6 34. Kg2 Nc3 35. Qe8+ Kg7 0-1

[Event "XIII Open"]
[Site "Crema ITA"]
[Date "2011.09.02"]
[Round "2"]
[White "Ficco, Corrado"]
[Black "Baroni, Alessandro"]
[Result "1/2-1/2"]
[WhiteElo "2117"]
[BlackElo "1918"]
[PlyCount "72"]
[EventDate "2011.09.02"]

1. e4 e6 2. d4 d5 3. Nc3 dxe4 4. Nxe4 Nd7 5. Bd3 Ngf6 6. Qe2 c5 7. Nxf6+ Nxf6
8. dxc5 Bxc5 9. Nf3 O-O 10. O-O h6 11. Ne5 b6 12. Rd1 Qe7 13. Bf4 Bb7 14. c3
Rad8 15. Rd2 Nd5 16. Bg3 Qg5 17. Nf3 Nf4 18. Bxf4 Qxf4 19. Rad1 Bxf3 20. Qxf3
Qxf3 21. gxf3 Be7 22. Bb5 Rxd2 23. Rxd2 Rd8 24. Rxd8+ Bxd8 25. Kg2 Bc7 26. h4
Kf8 27. Kh3 Bf4 28. Kg4 Bc1 29. b3 Bb2 30. c4 Bd4 31. Kg3 Ke7 32. f4 Kf6 33.
Be8 Ke7 34. Bb5 f6 35. h5 Bc5 36. Kf3 Bd6 1/2-1/2

[Event "XIII Open"]
[Site "Crema ITA"]
[Date "2011.09.02"]
[Round "2"]
[White "Folcini, Gaddo"]
[Black "Pisani, Valerio"]
[Result "0-1"]
[WhiteElo "1572"]
[BlackElo "1761"]
[PlyCount "76"]
[EventDate "2011.09.02"]

1. e4 e6 2. d4 d5 3. e5 c5 4. Qg4 Nc6 5. c3 cxd4 6. Nf3 dxc3 7. Nxc3 d4 8. Ne4
Bb4+ 9. Bd2 Bxd2+ 10. Nexd2 g6 11. Nc4 Nh6 12. Nd6+ Kf8 13. Qf4 Qa5+ 14. Nd2
Qxe5+ 15. Qxe5 Nxe5 16. Be2 Ke7 17. N6e4 f5 18. Nc5 b6 19. Ncb3 d3 20. Bf1 Ba6
21. O-O-O Nhg4 22. Re1 Rac8+ 23. Kb1 Nc6 24. f3 Nf6 25. g4 fxg4 26. fxg4 Nxg4
27. Bh3 h5 28. Re4 Nd8 29. Bxg4 Bb7 30. Bf3 Bxe4 31. Bxe4 Nc6 32. Bxg6 Ne5 33.
Be4 Rhf8 34. Re1 Rcd8 35. Bg2 Rf2 36. Rg1 Rg8 37. Re1 Rgxg2 38. Rxe5 Rxd2 0-1

[Event "XIII Open"]
[Site "Crema ITA"]
[Date "2011.09.02"]
[Round "2"]
[White "Franco, Alessandro"]
[Black "Attuati, Stefano"]
[Result "0-1"]
[WhiteElo "1736"]
[BlackElo "1977"]
[PlyCount "120"]
[EventDate "2011.09.02"]

1. e4 e6 2. d4 d5 3. Nc3 Nf6 4. e5 Nfd7 5. Be3 c5 6. f4 cxd4 7. Bxd4 Nc6 8. Bf2
Bc5 9. Bxc5 Nxc5 10. Nf3 a6 11. Be2 b5 12. Nd4 Bb7 13. Bf3 O-O 14. O-O Qb6 15.
Nce2 Rac8 16. a3 Rfd8 17. Kh1 Ne4 18. c3 Na5 19. Bxe4 dxe4 20. Qe1 Nc4 21. Rb1
e3 22. Ng3 Nd2 23. Qxe3 Nxb1 24. Rxb1 Rxd4 25. cxd4 Rc2 26. Rc1 Qc6 27. Rxc2
Qxc2 28. Qe2 Qc1+ 29. Nf1 Qxf4 30. Qd1 Qe4 31. Qd2 Qb1 32. Kg1 Bd5 33. Kf2 Qf5+
34. Kg1 Qb1 35. Kf2 Be4 36. Ne3 h5 37. Nd1 Bb7 38. Ne3 Qe4 39. Kg1 Qf4 40. Nf1
Qg4 41. Ne3 Qh4 42. Nf1 g5 43. Qf2 Qe4 44. Nd2 Qg6 45. h4 gxh4 46. Kh2 Qc2 47.
Qf4 Qg6 48. Nf3 Bxf3 49. Qxf3 Qg4 50. Qc3 Kg7 51. Qf3 Qxf3 52. gxf3 Kg6 53. Kh3
Kg5 54. b3 a5 55. b4 axb4 56. axb4 Kf4 57. Kxh4 Kxf3 58. Kxh5 Ke4 59. Kg5 Kxd4
60. Kf6 Kd5 0-1

[Event "XIII Open"]
[Site "Crema ITA"]
[Date "2011.09.02"]
[Round "2"]
[White "Gagliardi, Christian"]
[Black "Corfiati, Paolo"]
[Result "1-0"]
[WhiteElo "2253"]
[BlackElo "1732"]
[PlyCount "45"]
[EventDate "2011.09.02"]

1. e4 c6 2. d4 d5 3. e5 Bf5 4. Nf3 e6 5. Be2 Nd7 6. O-O c5 7. c3 Ne7 8. Nbd2
Nc6 9. Nb3 Qb6 10. dxc5 Nxc5 11. Be3 Be7 12. Nbd4 Nxd4 13. Nxd4 Qc7 14. Nxf5
exf5 15. Bb5+ Kf8 16. Qxd5 Rd8 17. Qf3 a6 18. Be2 Qxe5 19. Bd4 Qe6 20. Rfe1 Qe4
21. Qg3 Rg8 22. Bf3 Qc2 23. Rxe7 1-0

[Event "XIII Open"]
[Site "Crema ITA"]
[Date "2011.09.02"]
[Round "2"]
[White "Gemelli, Giovanni"]
[Black "Galli, Fabrizio"]
[Result "1-0"]
[WhiteElo "1741"]
[BlackElo "1469"]
[PlyCount "55"]
[EventDate "2011.09.02"]

1. e4 c5 2. Nf3 d6 3. d4 cxd4 4. Nxd4 Nf6 5. Nc3 Nc6 6. Be3 Bd7 7. Bc4 e6 8. f3
Be7 9. Qd2 Rc8 10. Be2 Ne5 11. O-O-O Nc4 12. Bxc4 Rxc4 13. g4 h6 14. h4 e5 15.
Nf5 Bxf5 16. exf5 a6 17. Qe2 b5 18. g5 hxg5 19. hxg5 Rxh1 20. Rxh1 Nd7 21. Rh8+
Nf8 22. Qd2 Qa5 23. Qf2 b4 24. Bb6 Qxb6 25. Qxb6 bxc3 26. Qb8+ Bd8 27. Rxf8+
Kxf8 28. Qxd8# 1-0

[Event "XIII Open"]
[Site "Crema ITA"]
[Date "2011.09.02"]
[Round "2"]
[White "Kizov, Atanas"]
[Black "Miracola, Massimiliano"]
[Result "1-0"]
[WhiteElo "2406"]
[BlackElo "1993"]
[PlyCount "51"]
[EventDate "2011.09.02"]

1. d4 d5 2. Nf3 c5 3. c4 dxc4 4. e4 cxd4 5. Qxd4 Nc6 6. Qxd8+ Kxd8 7. Bxc4 e6
8. O-O Bc5 9. Nc3 a6 10. e5 Ke7 11. Bg5+ f6 12. Bh4 Kf7 13. Ne4 Be7 14. exf6
gxf6 15. Rad1 Nh6 16. Bg3 Na5 17. Be2 e5 18. Nh4 f5 19. Nd6+ Ke6 20. Nc4 Nc6
21. Nb6 Rb8 22. Bc4+ Kf6 23. Nd5+ Kf7 24. Nxe7+ Kxe7 25. Rfe1 Nf7 26. Nf3 1-0

[Event "XIII Open"]
[Site "Crema ITA"]
[Date "2011.09.02"]
[Round "2"]
[White "Maraschi, Alberto"]
[Black "Falchi, Claudio"]
[Result "0-1"]
[WhiteElo "1386"]
[BlackElo "1742"]
[PlyCount "88"]
[EventDate "2011.09.02"]

1. e4 e6 2. d4 d5 3. Nc3 Bb4 4. Bd2 dxe4 5. Nxe4 Qxd4 6. Nc3 Nf6 7. Nf3 Qd8 8.
Bd3 O-O 9. O-O Nbd7 10. Ne4 Bxd2 11. Qxd2 Nxe4 12. Bxe4 Nf6 13. Bd3 Bd7 14. Qb4
Bc6 15. Rfd1 Nd5 16. Qg4 Qe7 17. a3 Nf6 18. Qh3 Rad8 19. Ne5 Be4 20. Qh4 Bxd3
21. Rxd3 Rxd3 22. cxd3 Qd6 23. Qg3 Rd8 24. Rd1 Nd7 25. Nf3 Qxg3 26. hxg3 Nc5
27. d4 Nb3 28. Rd3 Na5 29. b4 Nc6 30. b5 Ne7 31. Rc3 Nd5 32. Rc1 Kf8 33. a4 Ra8
34. Ne5 Ke7 35. f4 a6 36. Kf2 axb5 37. axb5 Ra4 38. Rd1 Rb4 39. Rh1 h6 40. g4
Rxd4 41. b6 Nxb6 42. Ke3 Ra4 43. Rh4 Nd5+ 44. Kd3 Nxf4+ 0-1

[Event "XIII Open"]
[Site "Crema ITA"]
[Date "2011.09.02"]
[Round "2"]
[White "Marchesotti, Giovanni"]
[Black "Baccarin, Stefano"]
[Result "1/2-1/2"]
[WhiteElo "1599"]
[BlackElo "1770"]
[PlyCount "61"]
[EventDate "2011.09.02"]

1. g3 g6 2. Bg2 Bg7 3. c4 Nf6 4. Nc3 O-O 5. Nf3 d6 6. O-O e5 7. d4 Nbd7 8. dxe5
dxe5 9. Qc2 c6 10. Rd1 Qe7 11. Bd2 Nc5 12. b4 Bf5 13. Qc1 Nce4 14. Nxe4 Nxe4
15. Nh4 Nxd2 16. Nxf5 gxf5 17. Qxd2 Rad8 18. Qc2 e4 19. Rab1 Bh6 20. e3 Rxd1+
21. Qxd1 Rd8 22. Qc2 Bg7 23. Bf1 Rd7 24. b5 c5 25. Rd1 Qe6 26. Rxd7 Qxd7 27.
Be2 Bf6 28. Qd1 Qxd1+ 29. Bxd1 Kg7 30. Bc2 Kg6 31. Kg2 1/2-1/2

[Event "XIII Open"]
[Site "Crema ITA"]
[Date "2011.09.02"]
[Round "2"]
[White "Martino, Antonio M."]
[Black "Dragojlovic, Andjelko"]
[Result "0-1"]
[WhiteElo "1978"]
[BlackElo "2381"]
[PlyCount "98"]
[EventDate "2011.09.02"]

1. c4 Nf6 2. Nc3 g6 3. g3 d5 4. cxd5 Nxd5 5. Bg2 Nxc3 6. dxc3 Nd7 7. Nf3 Bg7 8.
O-O O-O 9. Be3 c6 10. Qb3 Qa5 11. Nd4 e5 12. Nc2 Nb6 13. Bxb6 axb6 14. Qa3 Qxa3
15. Nxa3 Be6 16. e4 Rfd8 17. Rfd1 Bf8 18. Nc2 Rxd1+ 19. Rxd1 Rxa2 20. Rb1 Bc5
21. Bf1 b5 22. Bd3 Kf8 23. Kf1 Ke7 24. Ke2 Bb3 25. f4 exf4 26. gxf4 Bxc2 27.
Bxc2 Ba3 28. Kd3 Rxb2 29. Ra1 Bc5 30. Kd2 b4 31. cxb4 Rxb4 32. Kc3 Bd4+ 33.
Kxb4 Bxa1 34. Kc5 Kd7 35. Bb3 f6 36. Kb6 Kc8 37. Be6+ Kb8 38. Kc5 Kc7 39. Bf7
Bc3 40. h4 Be1 41. h5 gxh5 42. Bxh5 Bf2+ 43. Kc4 Bg3 44. e5 fxe5 45. fxe5 Bxe5
46. Be2 b5+ 47. Kb4 Kb6 48. Ka3 c5 49. Kb3 Bd4 0-1

[Event "XIII Open"]
[Site "Crema ITA"]
[Date "2011.09.02"]
[Round "2"]
[White "Milanesi, Erminio"]
[Black "Biava, Pierluigi"]
[Result "1/2-1/2"]
[WhiteElo "1842"]
[BlackElo "1698"]
[PlyCount "71"]
[EventDate "2011.09.02"]

1. g3 g6 2. Nh3 Bg7 3. c3 e5 4. f3 d5 5. Nf2 Nf6 6. Bg2 Be6 7. O-O Nc6 8. Na3
a6 9. Nc2 O-O 10. d3 Qe7 11. Bd2 Rad8 12. Qc1 Rfe8 13. Bg5 Qf8 14. e4 h6 15.
Bd2 Kh7 16. g4 dxe4 17. dxe4 Bc4 18. Rd1 Qc5 19. Be3 Qe7 20. Rxd8 Rxd8 21. Ne1
h5 22. Bg5 Qd6 23. Qe3 Qf8 24. h3 Rd6 25. Qc5 Be6 26. Qa3 Qd8 27. b3 Qd7 28.
Qc1 hxg4 29. hxg4 Ng8 30. Qe3 Bh6 31. Bxh6 Nxh6 32. Kh2 f6 33. g5 fxg5 34. Qxg5
Qe7 35. Qxe7+ Nxe7 36. Rd1 1/2-1/2

[Event "XIII Open"]
[Site "Crema ITA"]
[Date "2011.09.02"]
[Round "2"]
[White "Miracola, Giorgia"]
[Black "Rota, Simone"]
[Result "0-1"]
[WhiteElo "1763"]
[BlackElo "2002"]
[PlyCount "40"]
[EventDate "2011.09.02"]

1. e4 c5 2. Nf3 d6 3. d4 cxd4 4. Nxd4 Nf6 5. Nc3 e6 6. Bc4 Be7 7. O-O O-O 8.
Be3 Nc6 9. Bb3 Bd7 10. f4 Nxd4 11. Bxd4 Bc6 12. Qe2 b5 13. e5 dxe5 14. Qxe5 b4
15. Ne2 Qb8 16. Qxb8 Rfxb8 17. Be5 Rd8 18. Rad1 Bb5 19. Rxd8+ Rxd8 20. Re1 Bc5+
0-1

[Event "XIII Open"]
[Site "Crema ITA"]
[Date "2011.09.02"]
[Round "2"]
[White "Moroni, Luca jr"]
[Black "Vecchio, Paolo L."]
[Result "1-0"]
[WhiteElo "1998"]
[BlackElo "1335"]
[PlyCount "43"]
[EventDate "2011.09.02"]

1. e4 g6 2. d4 d6 3. Nc3 c6 4. f4 Bg7 5. Nf3 Bg4 6. Be3 e6 7. h3 Bxf3 8. Qxf3
Nf6 9. Bd3 Nbd7 10. O-O O-O 11. g4 h6 12. Kh1 Nh7 13. e5 d5 14. f5 g5 15. f6
Nhxf6 16. exf6 Nxf6 17. h4 gxh4 18. g5 hxg5 19. Bxg5 Qe7 20. Bxf6 Qxf6 21. Qxf6
Bxf6 22. Rxf6 1-0

[Event "XIII Open"]
[Site "Crema ITA"]
[Date "2011.09.02"]
[Round "2"]
[White "Puricelli, Riccardo"]
[Black "Vezzosi, Paolo"]
[Result "0-1"]
[WhiteElo "1672"]
[BlackElo "2351"]
[PlyCount "100"]
[EventDate "2011.09.02"]

1. d4 Nf6 2. c4 e6 3. Nf3 c5 4. e3 b6 5. Nc3 cxd4 6. exd4 Bb7 7. Bd3 Be7 8. O-O
O-O 9. Qe2 Nc6 10. Rd1 Rc8 11. Bg5 h6 12. Bh4 Nb4 13. Bb1 Ba6 14. b3 Re8 15. a3
Nbd5 16. Na2 Nf4 17. Qe3 g5 18. Bg3 N6h5 19. Nb4 Bb7 20. Nd3 Ng6 21. Nfe5 Nf8
22. f4 d6 23. Nf3 g4 24. Nd2 f5 25. Ra2 Bf6 26. b4 Qd7 27. Rc2 Red8 28. Rcc1
Nxg3 29. hxg3 Bc6 30. Nb3 Be4 31. Nb2 Bc6 32. Nd3 Qg7 33. b5 Be4 34. Nb4 Bxb1
35. Rxb1 Rxc4 36. Nc6 Rc8 37. Qd3 d5 38. Rbc1 Rxc1 39. Rxc1 Kh7 40. Re1 Qd7 41.
Na1 a6 42. a4 axb5 43. axb5 Ra8 44. Nc2 h5 45. N2b4 Qd6 46. Qb3 h4 47. Ne5 hxg3
48. Na6 Bh4 49. Rc1 Ng6 50. Rc7+ Qxc7 0-1

[Event "XIII Open"]
[Site "Crema ITA"]
[Date "2011.09.02"]
[Round "2"]
[White "Raimondi, Celso"]
[Black "Righini, Giovanni"]
[Result "0-1"]
[WhiteElo "1651"]
[BlackElo "1840"]
[PlyCount "104"]
[EventDate "2011.09.02"]

1. d4 b6 2. e4 e6 3. Nc3 Bb7 4. Nf3 Bb4 5. Bd3 Nf6 6. Bg5 h6 7. Bxf6 Qxf6 8.
O-O Bxc3 9. bxc3 O-O 10. c4 d6 11. Re1 Nd7 12. Rb1 e5 13. c3 Rfe8 14. Rb2 g5
15. d5 Nc5 16. Bf1 Bc8 17. Nd2 Bd7 18. Re3 Qg6 19. Be2 Rf8 20. Bh5 Qg7 21. Rg3
f5 22. exf5 Bxf5 23. Be2 Qf6 24. Re3 Na4 25. Rb4 Bc2 26. Qf1 a5 27. Rb5 Qf4 28.
g3 Qxe3 29. fxe3 Rxf1+ 30. Bxf1 Nxc3 31. Rb2 Bf5 32. Rb3 Na4 33. e4 Bd7 34. Rf3
Rf8 35. Rxf8+ Kxf8 36. h3 Nc3 37. a3 b5 38. cxb5 Nxb5 39. Nc4 a4 40. Kf2 Ke7
41. Ke3 Nd4 42. g4 c5 43. dxc6 Bxc6 44. Bd3 Ke6 45. Bf1 Bb5 46. Bd3 d5 47.
exd5+ Kxd5 48. Nb6+ Kc5 49. Bxb5 Kxb5 50. Nd7 Nc2+ 51. Kd2 Nxa3 52. Nxe5 Nc4+
0-1